Squadra della stagione della UEFA Europa League - 2022-2023 - Statistics

Statistiche generali
  • Questo quiz è stato fatto 10 volte
  • Il punteggio medio è 9 su 11
Statistiche sulle risposte
Ruolo Nazione Squadra Calciatore % Corretto
Difensore Inghilterra Roma Chris Smalling
100%
Centrocampista Italia Roma Lorenzo Pellegrini
100%
Centrocampista Croazia Siviglia Ivan Rakitić
89%
Difensore Argentina Siviglia Marcos Acuña
89%
Centrocampista Serbia Roma Nemanja Matić
89%
Attaccante Argentina Roma Paulo Dybala
89%
Difensore Germania Bayer Leverkusen Jonathan Tah
78%
Attaccante Inghilterra Manchester Utd Marcus Rashford
78%
Portiere Marocco Siviglia Yassine Bounou
78%
Difensore Spagna Siviglia Jesús Navas
67%
Attaccante Nigeria Saint-Gilloise Victor Boniface
67%
Nessun quiz corrispondente trovato
Distribuzione punteggi
Percentuale di utenti per punteggio
Percentile per numero di risposta
I tuoi punteggi nel tempo
Non hai fatto questo quiz